00275nam a2200109Ia 4500008004100000100001400041245004400055250000800099260003200107300000800139650001800147191201s2005 xx 000 0 und d aCARTER, P 0a400 IQ Puzzles: How to Solve IQ Puzzles a1st aNew DelhibViva Booksc2005 a174 aGeneral Books